| 000 | 03461nam a2200277 a 4500 | ||
|---|---|---|---|
| 003 | OSt | ||
| 005 | 20250808143745.0 | ||
| 008 | 171206s2017 ck gr 0001e spa d | ||
| 020 | _a9789584810151 | ||
| 037 | _bDonación | ||
| 040 |
_aCO-JMCR _bspa _cCO-JMCR _dCO-JMCR _erda |
||
| 082 | 0 | 4 |
_a860.4 _bA59p1 _223 |
| 100 | 1 |
_aAlvarez Jaraba, Isidro, _d1973- _944242 |
|
| 245 | 1 | 3 |
_aEl país de las aguas / _bGarcia Márquez en la Mojana, la otra orilla de Macondo / _cIsidro Álvarez Jaraba. |
| 260 |
_aBogotá : _bErikaletra Editores, _c2017. |
||
| 300 |
_a194 páginas : _bfotografías ; _c21 cm. |
||
| 500 | _aIncluye biográfia | ||
| 501 | _aCon: índice | ||
| 505 | 0 | _aSobre "Macondo" y "El pueblo" -- La mojana: País encantado de las aguas -- El encanto de las flores en el pario -- Una voz inicial -- Huellas del tiempo sobre las aguas: La lectura d las aguas -- Una cita con la Marquesita, la isla de Makenká: El corazón de la leyenda -- La Tambora, fusión de sangres -- Tiempo y vida en el reino del Mohán -- En la magia de los mares morenos -- Presente real en el Pansheinú -- Los García Márquez en el país encantado -- Anales de los García Márquez en las aguas del país del país de la libertad -- Sucre, Sucre: El mundo fantástico de Gabo -- Los amigos de Gabo en Sucre, Sucre -- Sucre en la obra y estética de Gabo -- Aproximaciones a la obra de Gabo y realidad de la Mojana -- Bayardo San Román, Una vida cargando el peso de la muerte -- El amor casual de siempre -- El primigenio realismos mágico nadó de La Mojana a Estocolmo -- Los abuelos patas de agua memorias, espejo y luz en el tiempo -- Cuadro sinóptico de personajes novelados del país de las aguas -- Cuadro sinóptico de la estirpe García Márquez en el país de las aguas -- Cuadro sinóptico el Realismo mágico desde la Mojana en el país de las aguas. | |
| 520 | 3 | _aLa contribución de las aguas sucreñas a la conciencia y la identidad de García Márquez ha sido muy bien apreciada y explicada por Isidro Álvarez en el libro -único, imprescindible- que ustedes leerán en corrientes idílicas. Y su comprensión de dicha contribución le ha llevado a comprender también la importancia fundamental -fundacional-de la "Serie de La Sierpe" en el desarrollo de la poética de nuestro gran escritor. En esos textos, el Mohán de origen indígena y la Marquesita de origen español se juntan, hijo e hija de los ríos. Yo añadiría que la colección de cuentos Los funerales de la Mamá Grande es igualmente fundamental, y de una manera paralela, por cuanto en su relato epónimo -muy político, por otra parte- las facetas de Macondo y de 'el pueblo' también se juntan y se fusionan (este relato medular aparte, la mitad de los cuentos son 'macondinos' y la otra mitad 'pueblerinos'). El escenario de Los funerales de la Mamá Grande se llama 'Macondo' y, sin embargo, a él no se llega ni por carretera ni por tren sino por río. Es que Gabito se había dado cuenta de que no le había hecho justicia a Sucre, a lo que Sucre le había dado, así que ahora Sucre también tenía que ser parte de Macondo. (Este gesto ha confundido a muchos lectores y críticos pero qué le vamos a hacer). | |
| 600 | 1 | 7 |
_aGarcía Márquez, Gabriel, _d1927-2014 _942764 |
| 650 | 1 | 4 |
_aRecursos hídricos _zSucre (Colombia). _2JMCR _944243 |
| 650 | 2 | 4 |
_zLa Mojana (Sucre, Colombia). _2JMCR _944244 |
| 650 | 2 | 4 |
_aAgua en la literatura. _2JMCR _944245 |
| 942 |
_2ddc _cBK |
||
| 999 |
_c31058 _d17442 |
||